| 000 | 00613nam a22001937a 4500 | ||
|---|---|---|---|
| 005 | 20251108164911.0 | ||
| 008 | 250721s1955 xx 000 0 ara d | ||
| 082 | 1 | 4 | _a811.9611/قاس |
| 100 | 1 | _aالشابي، أبو القاسم | |
| 245 | 1 | 0 |
_aأغاني الحياة : _bديوان شعر لأبي القاسم الشابي / |
| 264 | 1 |
_aالقاهرة : _bدار الكتب الشرقية، _c1955. |
|
| 300 | _a194ص | ||
| 650 | 1 | 7 | _aالشعر العربي |
| 650 | 1 | 7 | _aالعصر الحديث |
| 650 | 1 | 7 | _aتونس |
| 700 | 1 |
_aمكي، حاتم _eرسوم |
|
| 942 |
_2ddc _cBK |
||
| 999 |
_c17008 _d17008 |
||